000 01325nam a2200505Ia 4500
001 146521
003 239674
005 20240715174924.0
008 150923s2003 ||||||||| 000 0 spa d
082 _a973931
100 _aWoodward, Bob
_9179271
245 0 _aBush en guerra
250 _aPrimera edición
260 _c2003.
500 _aIncluye índice.
562 _e1
650 _aBUSH, GEORGE WALKER, 1946- --ENTREVISTAS
_9179272
650 _aBUSH, GEORGE WALKER, 1946- --LIDERAZGO MILITAR
_9179273
650 _aESTADOS UNIDOS--FUNCIONARIOS Y EMPLEADOS--ENTREVISTAS
_9179274
650 _aESTADOS UNIDOS--POLÍTICA MILITAR--TOMA DE DECISIONES
_9179275
650 _aGUERRA CONTRA EL TERRORISMO, 2001
_9179276
650 _aSEGURIDAD NACIONAL--ESTADOS UNIDOS--TOMA DE DECISIONES
_9179277
650 _aSEPTIEMBRE 11 ATAQUE TERRORISTA, 2001
_9158005
942 _cBKM
999 _c146521
_d146521
526 _a
526 _a17598
526 _a102617
526 _a102618
526 _a15794
526 _a102619
526 _a1703
526 _a102620
526 _a10406
526 _a105630
526 _a1698
526 _a116204
526 _a51868
526 _a4969
526 _a19790
526 _a104436
526 _a5144
526 _a1697
526 _a3899
526 _a9683